00527nam a22001457a 450000500170000000800410001702000180005804100130007608200160008910000230010524501400012826000560026830000310032465000260035520231123125336.0231123b |||||||| |||| 00| 0 eng d a9781920114947 aEnglish  a341.48 FOR  aFord, J lEnglish  aBringing fairness to international justice : bA Handbook on the International Criminal Court for defence lawyers in Africa / cJ Ford  aPretoria : bInstitute for Security Studies, c2009 bviii, 83 pages ; c23 cm.  aLegal practice bLaw